000 00401 a2200121 4500
001 ART_50787
005 20260410162043.0
008 260409a
245 1 0 _aEjercicio AXI SA
653 _aSe analiza un caso de aplicación práctica del cálculo del ajuste por inflación impositivo
100 1 _aAmaro Gómez, Richard L.
773 0 _tImpuestos
_g- N° 71 (mar. 2020)
_wREV45175
999 _c35126
_d35126